[Event "TCh-FRA Top 12 2017"]
[Site "Chartres FRA"]
[Date "2017.05.26"]
[Round "9.2"]
[Board "1"]
[White "Neiksans, Arturs"]
[Black "Fressinet, Laurent"]
[Result "1/2-1/2"]
[WhiteTitle "GM"]
[BlackTitle "GM"]
[WhiteElo "2599"]
[BlackElo "2668"]
[WhiteTeam "Les Tours de Haute Picardie, SAINT QUENTIN"]
[BlackTeam "CLICHY Echecs 92"]
[WhiteFideId "11601388"]
[BlackFideId "608742"]
[EventDate "2017.05.18"]

1. c4 c6 2. Nf3 d5 3. g3 g6 4. Qa4 d4 5. Bg2 Bg7 6. O-O e5 7. d3 Ne7 8. Nbd2 O-O
9. b4 Nd7 10. Rb1 b6 11. Qc2 Bb7 12. Nb3 Qc7 13. e3 dxe3 14. Bxe3 Nf5 15. Bd2
Rfe8 16. Rfe1 c5 17. b5 Nd6 18. Bc3 e4 19. Nfd2 exd3 20. Qxd3 Bxc3 21. Qxc3 Bxg2
22. Kxg2 Qb7+ 23. Kg1 Nf5 24. Nf3 h5 1/2-1/2

[Event "TCh-FRA Top 12 2017"]
[Site "Chartres FRA"]
[Date "2017.05.26"]
[Round "9.2"]
[Board "2"]
[White "Tregubov, Pavel V."]
[Black "Sumets, Andrey"]
[Result "1/2-1/2"]
[WhiteTitle "GM"]
[BlackTitle "GM"]
[WhiteElo "2584"]
[BlackElo "2566"]
[WhiteTeam "CLICHY Echecs 92"]
[BlackTeam "Les Tours de Haute Picardie, SAINT QUENTIN"]
[WhiteFideId "4115341"]
[BlackFideId "14105500"]
[EventDate "2017.05.18"]

1. d4 Nf6 2. c4 e6 3. Nc3 Bb4 4. e3 c5 5. Bd3 O-O 6. Ne2 cxd4 7. exd4 d5 8. cxd5
Nxd5 9. O-O Nc6 10. Nxd5 exd5 11. Nf4 Bd6 12. Re1 Qf6 13. Nxd5 Qxd4 14. Be3 Qg4
15. Be2 Qh4 16. g3 Qd8 17. Bf1 Bf5 18. Bg2 Re8 19. Qb3 Qd7 20. Red1 Rac8 21. Qb5
a6 22. Qb6 Bh3 23. Bxh3 Qxh3 24. Qxb7 Na5 25. Qxa6 Nc4 26. Rd4 Nxe3 27. Nxe3 Bc5
28. Rh4 Qd7 29. Rd1 Qe7 30. Re1 g6 31. Rc4 Qd7 32. Qa4 Qd6 33. Qc2 Rc7 34. Rd1
Qb6 35. Nd5 Bxf2+ 36. Kf1 Rxc4 37. Qxc4 Qxb2 38. Qd3 Ba7 39. Rd2 Qa1+ 40. Kg2 h5
41. Qf3 Kg7 42. Qc3+ Qxc3 1/2-1/2

[Event "TCh-FRA Top 12 2017"]
[Site "Chartres FRA"]
[Date "2017.05.26"]
[Round "9.2"]
[Board "7"]
[White "Cappon, John"]
[Black "Delorme, Axel"]
[Result "1/2-1/2"]
[BlackTitle "IM"]
[WhiteElo "2197"]
[BlackElo "2514"]
[WhiteTeam "Les Tours de Haute Picardie, SAINT QUENTIN"]
[BlackTeam "CLICHY Echecs 92"]
[WhiteFideId "608459"]
[BlackFideId "632023"]
[EventDate "2017.05.18"]

1. e4 e5 2. Nf3 Nc6 3. Bc4 Nf6 4. d3 Be7 5. O-O O-O 6. Re1 d6 7. c3 Kh8 8. Nbd2
Nd7 9. d4 exd4 10. Nxd4 Nxd4 11. cxd4 Nb6 12. Bd3 d5 13. e5 f5 14. Nb3 Be6 15.
Na5 Rb8 16. Qc2 Nd7 17. Nb3 c6 18. Bd2 Rc8 19. Nc5 Nxc5 20. dxc5 g5 21. f4 g4
22. g3 h5 23. h3 Kg7 24. Re2 d4 25. b4 Qd5 26. Rf2 gxh3 27. Kh2 Rf7 28. Be2 Rh8
29. Rg1 Qxa2 30. Qxa2 Bxa2 31. Ra1 Be6 32. Rxa7 h4 33. Rf3 Bd8 34. Be1 Rd7 35.
gxh4 Bxh4 36. Bxh4 Rxh4 37. Bd3 Rg4 38. Rg3 Rxg3 39. Kxg3 Kg6 40. Kxh3 Bd5 41.
Kg3 Be4 42. Ra3 Bxd3 43. Rxd3 Kf7 44. Kh4 Ke6 45. Kg5 Rd8 46. Kg6 Rd7 47. Kg5
Rd5 48. Kg6 Rd8 49. Kg7 Ke7 50. Kg6 Ke6 51. Kg7 Kd5 52. Rd1 Ke6 53. Rd3 Rd7+ 54.
Kg6 Rd8 55. Kg7 Rd7+ 56. Kg6 Rd8 1/2-1/2

[Event "TCh-FRA Top 12 2017"]
[Site "Chartres FRA"]
[Date "2017.05.26"]
[Round "9.3"]
[Board "2"]
[White "Nataf, Igor-Alexandre"]
[Black "Jobava, Baadur"]
[Result "1/2-1/2"]
[WhiteTitle "GM"]
[BlackTitle "GM"]
[WhiteElo "2535"]
[BlackElo "2713"]
[WhiteTeam "C.E. STRASBOURG"]
[BlackTeam "TREMBLAY EN FRANCE"]
[WhiteFideId "605492"]
[BlackFideId "13601520"]
[EventDate "2017.05.18"]

1. e4 e5 2. Nf3 Nf6 3. Nxe5 d6 4. Nf3 Nxe4 5. d4 d5 6. Bd3 Bd6 7. O-O O-O 8. c4
c6 9. Nc3 Nxc3 10. bxc3 dxc4 11. Bxc4 h6 12. Qc2 Qf6 13. Re1 Bf5 14. Bd3 Bxd3
15. Qxd3 Nd7 16. a4 Rfe8 17. Bd2 1/2-1/2

[Event "TCh-FRA Top 12 2017"]
[Site "Chartres FRA"]
[Date "2017.05.26"]
[Round "9.3"]
[Board "5"]
[White "Shchekachev, Andrei"]
[Black "Sebag, Marie"]
[Result "1/2-1/2"]
[WhiteTitle "GM"]
[BlackTitle "GM"]
[WhiteElo "2538"]
[BlackElo "2488"]
[WhiteTeam "TREMBLAY EN FRANCE"]
[BlackTeam "C.E. STRASBOURG"]
[WhiteFideId "4107730"]
[BlackFideId "617822"]
[EventDate "2017.05.18"]

1. Nf3 d5 2. d4 Nf6 3. c4 c6 4. Nc3 dxc4 5. a4 Bf5 6. e3 e6 7. Bxc4 Bb4 8. O-O
Nbd7 9. Qe2 O-O 10. e4 Bg6 11. Bd3 Bh5 12. e5 Nd5 13. Nxd5 cxd5 14. Qe3 Be7 15.
Ng5 Bxg5 16. Qxg5 Bg6 17. Qxd8 1/2-1/2

[Event "TCh-FRA Top 12 2017"]
[Site "Chartres FRA"]
[Date "2017.05.26"]
[Round "9.5"]
[Board "1"]
[White "Kryvoruchko, Yuriy"]
[Black "Bacrot, Etienne"]
[Result "1/2-1/2"]
[WhiteTitle "GM"]
[BlackTitle "GM"]
[WhiteElo "2714"]
[BlackElo "2696"]
[WhiteTeam "GRASSE Echecs"]
[BlackTeam "BISCHWILLER"]
[WhiteFideId "14109182"]
[BlackFideId "605506"]
[EventDate "2017.05.18"]

1. e4 e5 2. Nf3 Nc6 3. Bb5 Nf6 4. O-O Nxe4 5. d4 Nd6 6. Bxc6 dxc6 7. dxe5 Nf5 8.
Qxd8+ Kxd8 9. Rd1+ Ke8 10. Nc3 Be7 11. g4 Nh4 12. Nxh4 Bxh4 13. h3 h5 14. f3 Be6
15. Bf4 Rd8 16. Kg2 Be7 17. Ne2 c5 18. b3 hxg4 19. hxg4 c4 20. Nd4 cxb3 21. axb3
a6 22. Nxe6 fxe6 1/2-1/2

[Event "TCh-FRA Top 12 2017"]
[Site "Chartres FRA"]
[Date "2017.05.26"]
[Round "9.5"]
[Board "3"]
[White "Kuzubov, Yuriy"]
[Black "Ragger, Markus"]
[Result "1/2-1/2"]
[WhiteTitle "GM"]
[BlackTitle "GM"]
[WhiteElo "2637"]
[BlackElo "2680"]
[WhiteTeam "GRASSE Echecs"]
[BlackTeam "BISCHWILLER"]
[WhiteFideId "14112906"]
[BlackFideId "1610856"]
[EventDate "2017.05.18"]

1. d4 Nf6 2. c4 g6 3. Nf3 Bg7 4. e3 O-O 5. Be2 c5 6. d5 e6 7. Nc3 d6 8. Nd2 Re8
9. O-O Na6 10. e4 Nc7 11. a4 Rb8 12. f3 a6 13. a5 Bd7 14. Kh1 Qe7 15. Nb3 exd5
16. cxd5 Nb5 17. Bg5 Nxc3 18. bxc3 Qe5 19. Qd2 Nxd5 20. Bc4 Nc7 21. Rac1 Ne6 22.
Bh4 Qh5 23. Bg3 Rbd8 24. Rfd1 Bc6 25. Bxe6 Rxe6 26. Qf2 Rd7 27. Nd2 d5 28. Qxc5
Bf8 29. Qg1 dxe4 30. Nxe4 Rxd1 31. Qxd1 Qxa5 32. Ra1 Qd5 33. Qc1 Qc4 34. Nd2 Qd3
35. Nb3 Bg7 36. Nd4 Bxd4 37. cxd4 Qxd4 38. Ra2 Qf6 39. h4 Qe7 40. Qf4 Kg7 41.
Rd2 Qf6 42. Qb4 Qe7 43. Bd6 Qe8 44. Kh2 f6 45. Bf4 h6 46. Bg3 Re2 47. Rxe2 Qxe2
48. Qg4 Qe8 49. Bd6 Qd7 50. Qf4 a5 51. Bc5 g5 52. Qb8 gxh4 53. Qf8+ Kg6 54. Qg8+
Qg7 55. Qd8 Kh7 56. Bf2 h3 57. g4 a4 58. Bh4 Kg6 59. Qd3+ Kf7 60. Qc4+ Ke8 61.
Qf4 Qe7 62. Kxh3 Qe2 63. Kg3 Qe1+ 64. Kh3 Qh1+ 65. Kg3 Qg1+ 66. Kh3 Qh1+ 67. Kg3
Qe1+ 68. Kh3 Qe5 69. Qxh6 Bxf3 70. Qxf6 Qxf6 71. Bxf6 Kf7 72. g5 Ke6 73. Kg3 Be4
74. Kf4 Kd5 75. Ke3 b5 76. Kd2 Kc4 77. Kc1 Kb3 78. Be7 Bg6 79. Bd6 a3 80. Be7 b4
81. Bd6 Kc3 82. Be7 Kc4 83. Bd6 Kb5 84. Be7 Ka4 85. Bd6 Kb3 86. Be7 Bc2 87. Bd6
Bg6 88. Be7 Bf7 89. Bd6 Ka4 90. Bxb4 Kxb4 91. Kb1 Kb3 92. g6 Bxg6+ 93. Ka1 a2 1/2-1/2

[Event "TCh-FRA Top 12 2017"]
[Site "Chartres FRA"]
[Date "2017.05.26"]
[Round "9.5"]
[Board "6"]
[White "Pelletier, Yannick"]
[Black "Wirig, Anthony"]
[Result "1/2-1/2"]
[WhiteTitle "GM"]
[BlackTitle "GM"]
[WhiteElo "2543"]
[BlackElo "2486"]
[WhiteTeam "BISCHWILLER"]
[BlackTeam "GRASSE Echecs"]
[WhiteFideId "1301837"]
[BlackFideId "615013"]
[EventDate "2017.05.18"]

1. d4 d5 2. c4 c6 3. Nf3 Nf6 4. Nc3 e6 5. e3 Nbd7 6. Qc2 Bd6 7. b3 O-O 8. Be2 e5
9. cxd5 cxd5 10. Nb5 Bb4+ 11. Bd2 Bxd2+ 12. Nxd2 a6 13. dxe5 Nxe5 14. Nd4 Bg4
15. f3 Rc8 16. Qb2 Bd7 17. Kf2 Qb6 18. Rhc1 Nc6 19. Nxc6 Rxc6 20. Rxc6 Bxc6 21.
Rc1 Bb5 22. Qd4 Qa5 23. Bxb5 axb5 24. Rc2 h5 25. Nf1 Qa6 26. Ng3 Qe6 27. h4 Rc8
28. Rxc8+ Qxc8 29. Qd3 b4 30. Ne2 Qc5 31. Qd2 Qa5 32. Nf4 g6 33. Nd3 d4 34. e4
Nd7 35. Nxb4 Nc5 36. Ke2 Qb5+ 37. Nd3 Qa6 38. Qc2 Nxd3 39. Qxd3 Qxa2+ 40. Qd2
Qxb3 41. Qxd4 Qc2+ 42. Kf1 Qc7 43. Qd5 Qe7 44. Qb5 Qc7 45. Kf2 b6 1/2-1/2

[Event "TCh-FRA Top 12 2017"]
[Site "Chartres FRA"]
[Date "2017.05.26"]
[Round "9.5"]
[Board "7"]
[White "Apicella, Manuel"]
[Black "Edouard, Romain"]
[Result "1/2-1/2"]
[WhiteTitle "GM"]
[BlackTitle "GM"]
[WhiteElo "2515"]
[BlackElo "2640"]
[WhiteTeam "GRASSE Echecs"]
[BlackTeam "BISCHWILLER"]
[WhiteFideId "600164"]
[BlackFideId "633429"]
[EventDate "2017.05.18"]

1. d4 Nf6 2. Nf3 c5 3. d5 b5 4. a4 b4 5. Bg5 d6 6. Bxf6 exf6 7. Nbd2 g6 8. e4
Bh6 9. Bb5+ Kf8 10. O-O Kg7 11. Re1 Bg4 12. Nf1 a6 13. Bd3 Bf4 14. h3 Bxf3 15.
Qxf3 Be5 16. Rab1 Nd7 17. Ne3 h5 18. h4 Bd4 19. Qg3 Ne5 20. Nf5+ Kf8 21. Nxd4
cxd4 22. Rbd1 Qd7 23. b3 Qg4 24. Be2 Qxg3 25. fxg3 a5 26. Rxd4 Rc8 27. c4 bxc3
28. Rc1 g5 29. Kf2 Ke7 1/2-1/2

[Event "TCh-FRA Top 12 2017"]
[Site "Chartres FRA"]
[Date "2017.05.26"]
[Round "9.6"]
[Board "2"]
[White "Stephan, Victor"]
[Black "Gharamian, Tigran"]
[Result "1/2-1/2"]
[WhiteTitle "FM"]
[BlackTitle "GM"]
[WhiteElo "2365"]
[BlackElo "2626"]
[WhiteTeam "Club d' Echecs Lexovien, LISIEUX"]
[BlackTeam "NICE Alekhine"]
[WhiteFideId "656666"]
[BlackFideId "13301527"]
[EventDate "2017.05.18"]

1. d4 Nf6 2. c4 e6 3. Nc3 Bb4 4. Qc2 d5 5. cxd5 Qxd5 6. Nf3 Qf5 7. Qxf5 exf5 8.
a3 Be7 9. Bf4 c6 10. h3 Nbd7 11. e3 Nb6 12. Bd3 Be6 13. O-O O-O 14. Rac1 g6 15.
Rfd1 Rfe8 16. Bb1 Rac8 17. Ba2 Bxa2 18. Nxa2 Nfd5 19. Bh2 c5 20. dxc5 Bxc5 21.
Nc3 Nxe3 22. fxe3 Bxe3+ 23. Kh1 Bxc1 24. Rxc1 Na4 25. Be5 Nxb2 26. Rb1 Nd3 27.
Bd4 b6 28. Nd5 Re2 29. Nf6+ Kg7 30. Nd7+ Kg8 31. Nf6+ Kf8 32. Nxh7+ Ke7 33. Nf6
Rc1+ 34. Rxc1 Nxc1 35. Nd5+ Kf8 36. Be5 Rf2 37. Bb8 Rf1+ 38. Kh2 Rd1 39. Nc7 a5 1/2-1/2

[Event "TCh-FRA Top 12 2017"]
[Site "Chartres FRA"]
[Date "2017.05.26"]
[Round "9.6"]
[Board "4"]
[White "Coursaget, Nicolas"]
[Black "Palac, Mladen"]
[Result "1/2-1/2"]
[WhiteTitle "FM"]
[BlackTitle "GM"]
[WhiteElo "2311"]
[BlackElo "2573"]
[WhiteTeam "Club d' Echecs Lexovien, LISIEUX"]
[BlackTeam "NICE Alekhine"]
[WhiteFideId "610127"]
[BlackFideId "14500116"]
[EventDate "2017.05.18"]

1. d4 Nf6 2. c4 g6 3. g3 Bg7 4. Nf3 d5 5. cxd5 Nxd5 6. Bg2 Nb6 7. O-O Nc6 8. e3
O-O 9. Nc3 Re8 10. d5 Na5 11. Nd4 Bd7 12. b3 c6 13. e4 cxd5 14. exd5 Rc8 1/2-1/2

[Event "TCh-FRA Top 12 2017"]
[Site "Chartres FRA"]
[Date "2017.05.27"]
[Round "10.2"]
[Board "4"]
[White "Stevic, Hrvoje"]
[Black "Naiditsch, Arkadij"]
[Result "1/2-1/2"]
[WhiteTitle "GM"]
[BlackTitle "GM"]
[WhiteElo "2600"]
[BlackElo "2700"]
[WhiteTeam "NICE Alekhine"]
[BlackTeam "BISCHWILLER"]
[WhiteFideId "14502569"]
[BlackFideId "4650891"]
[EventDate "2017.05.18"]

1. e4 e5 2. Nf3 Nc6 3. d4 exd4 4. Nxd4 Nf6 5. Nxc6 bxc6 6. e5 Qe7 7. Qe2 Nd5 8.
c4 Nb6 9. Nc3 Qe6 10. Qe4 g6 11. Bd3 Bg7 12. f4 O-O 13. O-O d6 14. Qxc6 dxe5 15.
Qxc7 f5 16. c5 Rf7 17. Qd8+ Rf8 18. Qc7 Rf7 19. Qd8+ Rf8 20. Qc7 1/2-1/2

[Event "TCh-FRA Top 12 2017"]
[Site "Chartres FRA"]
[Date "2017.05.27"]
[Round "10.2"]
[Board "5"]
[White "Maze, Sebastien"]
[Black "Lagarde, Maxime"]
[Result "1/2-1/2"]
[WhiteTitle "GM"]
[BlackTitle "GM"]
[WhiteElo "2619"]
[BlackElo "2601"]
[WhiteTeam "BISCHWILLER"]
[BlackTeam "NICE Alekhine"]
[WhiteFideId "613762"]
[BlackFideId "662399"]
[EventDate "2017.05.18"]

1. d4 Nf6 2. Bf4 c5 3. d5 d6 4. Nc3 e5 5. Bd2 g6 6. e4 Bg7 7. a4 Na6 8. h4 Nc7
9. Be2 h5 10. Nf3 Ng4 11. Nb5 O-O 12. Nxc7 Qxc7 13. Ng5 f6 14. Ne6 Bxe6 15. dxe6
f5 16. Bc4 Kh8 17. f3 Nf6 18. Qe2 fxe4 19. fxe4 Qc6 20. Bg5 Qxe4 21. O-O-O Qxe2
22. Bxe2 d5 23. e7 Rfe8 24. Rhf1 Ne4 25. Rxd5 Nxg5 26. hxg5 Rxe7 27. Rd6 Rf8 28.
Rxf8+ Bxf8 29. Rxg6 Rg7 30. Rh6+ Rh7 31. Re6 Re7 32. Rf6 Bg7 33. Rf5 h4 34. c3
Kh7 35. Bh5 Kg8 36. Kd2 e4 37. Rxc5 Be5 38. Bg6 Bf4+ 39. Ke2 Kg7 40. Bf5 1/2-1/2

[Event "TCh-FRA Top 12 2017"]
[Site "Chartres FRA"]
[Date "2017.05.27"]
[Round "10.2"]
[Board "6"]
[White "Rambaldi, Francesco"]
[Black "Pelletier, Yannick"]
[Result "1/2-1/2"]
[WhiteTitle "GM"]
[BlackTitle "GM"]
[WhiteElo "2542"]
[BlackElo "2543"]
[WhiteTeam "NICE Alekhine"]
[BlackTeam "BISCHWILLER"]
[WhiteFideId "20657307"]
[BlackFideId "1301837"]
[EventDate "2017.05.18"]

1. d4 Nf6 2. c4 e6 3. Nc3 Bb4 4. e3 O-O 5. Bd3 c5 6. Nf3 d5 7. cxd5 exd5 8. dxc5
Nbd7 9. Bd2 Nxc5 10. Be2 Ba5 11. O-O Nce4 12. Nxe4 dxe4 13. Bxa5 Qxa5 14. Nd4
Qg5 15. Kh1 Bg4 16. Bxg4 Nxg4 17. h3 Ne5 18. Qb3 Nd3 19. Qxb7 Nxf2+ 20. Rxf2
Qxe3 21. Rxf7 Qxd4 22. Raf1 Rfb8 23. Qc6 h6 24. Qe6 Kh8 25. R1f6 Rb6 26. Rf8+
Rxf8 27. Rxf8+ Kh7 28. Qg8+ Kg6 29. Rd8 Qe5 30. Rd5 1/2-1/2

[Event "TCh-FRA Top 12 2017"]
[Site "Chartres FRA"]
[Date "2017.05.27"]
[Round "10.3"]
[Board "1"]
[White "Donchenko, Alexander"]
[Black "Neiksans, Arturs"]
[Result "1/2-1/2"]
[WhiteTitle "GM"]
[BlackTitle "GM"]
[WhiteElo "2563"]
[BlackElo "2599"]
[WhiteTeam "VANDOEUVRE Echecs"]
[BlackTeam "Les Tours de Haute Picardie, SAINT QUENTIN"]
[WhiteFideId "24603295"]
[BlackFideId "11601388"]
[EventDate "2017.05.18"]

1. d4 Nf6 2. c4 e6 3. g3 d5 4. Bg2 Bb4+ 5. Bd2 Be7 6. Nf3 O-O 7. O-O c6 8. Qc2
Nbd7 9. Bf4 b6 10. Rd1 Bb7 11. Ne5 Nh5 12. Bd2 Nhf6 13. Bf4 Nh5 14. Bd2 Nhf6 15.
cxd5 cxd5 16. Nc6 Bxc6 17. Qxc6 Qc8 18. Qa4 Qb7 19. Nc3 Rac8 20. e3 a6 21. Rdc1
Rc7 22. Ne2 Rfc8 23. Rxc7 Rxc7 24. Rc1 Rxc1+ 25. Nxc1 Qc8 26. Nd3 Ne4 27. Be1 g6
28. Bf1 Kg7 29. Kg2 Bf8 30. Be2 Be7 31. Qd1 Kg8 32. Nb4 Nb8 33. Qa4 a5 34. Nd3
Nd7 35. Qd1 Kg7 36. Bf1 Kg8 37. Nc1 Qc6 38. Ne2 Kg7 39. Qb3 Ndf6 40. Qd1 Kg8 41.
Qc1 Qxc1 42. Nxc1 Nd6 43. Kf3 Nd7 44. Ke2 Nb8 45. Kd1 Nc6 46. Kc2 Kf8 47. Ne2
Ke8 48. Nc3 Kd7 49. a3 Bf8 50. f3 Bg7 51. Bf2 Kc7 52. Kd3 Ne7 53. g4 Kc6 54. Bh4
Nec8 55. Bg3 Nc4 56. Nd1 b5 57. Be1 a4 58. e4 N8b6 59. Bc3 Bh6 60. h4 Kb7 1/2-1/2

[Event "TCh-FRA Top 12 2017"]
[Site "Chartres FRA"]
[Date "2017.05.27"]
[Round "10.3"]
[Board "2"]
[White "Sumets, Andrey"]
[Black "Bailet, Pierre"]
[Result "1/2-1/2"]
[WhiteTitle "GM"]
[BlackTitle "IM"]
[WhiteElo "2566"]
[BlackElo "2519"]
[WhiteTeam "Les Tours de Haute Picardie, SAINT QUENTIN"]
[BlackTeam "VANDOEUVRE Echecs"]
[WhiteFideId "14105500"]
[BlackFideId "655830"]
[EventDate "2017.05.18"]

1. d4 d5 2. c4 c6 3. Nc3 Nf6 4. e3 Bf5 5. Nf3 e6 6. Nh4 Bg6 7. Nxg6 hxg6 8. g3
Nbd7 9. Bd2 Be7 10. Qe2 dxc4 11. Qxc4 e5 12. Bg2 Nb6 13. Qd3 exd4 14. exd4 O-O
15. O-O Nfd5 16. a3 Bg5 17. Rad1 Bxd2 18. Rxd2 Qc7 19. Nxd5 Nxd5 20. Bxd5 cxd5
21. Rc2 Qd7 22. Rfc1 Rac8 23. Qb3 Rxc2 24. Qxc2 Re8 25. Qc7 Qa4 26. Qxb7 Qxd4
27. Rc8 Rxc8 28. Qxc8+ Kh7 29. Qh3+ 1/2-1/2

[Event "TCh-FRA Top 12 2017"]
[Site "Chartres FRA"]
[Date "2017.05.27"]
[Round "10.3"]
[Board "4"]
[White "Degraeve, Jean-Marc"]
[Black "Hamitevici, Vladimir"]
[Result "1/2-1/2"]
[WhiteTitle "GM"]
[BlackTitle "IM"]
[WhiteElo "2592"]
[BlackElo "2487"]
[WhiteTeam "Les Tours de Haute Picardie, SAINT QUENTIN"]
[BlackTeam "VANDOEUVRE Echecs"]
[WhiteFideId "600270"]
[BlackFideId "13902393"]
[EventDate "2017.05.18"]

1. e4 g6 2. d4 Bg7 3. Nc3 c6 4. Nf3 d6 5. Be3 Nd7 6. Qd2 b5 7. h3 Qc7 8. Bd3 Bb7
9. O-O Ngf6 10. Bh6 O-O 11. Bxg7 Kxg7 12. a3 a6 13. Rfe1 e5 14. Rad1 Rfe8 15.
Bf1 Rad8 16. Re3 c5 17. d5 Nb6 18. b3 Bc8 19. Ne2 Bd7 20. Ng3 a5 21. Ree1 h6 22.
Nh4 a4 23. Bxb5 Ng8 24. Bxd7 Rxd7 25. bxa4 Ra8 26. a5 Nc8 27. f4 Qxa5 28. Qf2 c4
29. Kh2 Qb6 30. Qf3 Qd8 31. Qg4 Rxa3 32. fxe5 dxe5 33. Rf1 Ra6 34. d6 Qe8 35.
Nh5+ Kh7 36. Nxg6 fxg6 37. Rf8 Qxf8 38. Qxd7+ Nce7 39. Ng3 Qf6 40. dxe7 Nxe7 41.
Rf1 Qg7 42. Rb1 Ng8 43. Qd5 Ra7 44. Qxc4 Rc7 45. Qd3 h5 46. Ne2 Rd7 47. Qe3 Qh6
48. Qg3 Qd2 49. Rb6 Ne7 50. Ng1 Qd4 51. Rf6 Qxe4 52. Nf3 h4 53. Nxh4 Kg7 54. Re6
Kf7 55. Nf3 Qxc2 56. Ng5+ Ke8 57. Rxe5 Rd5 58. Re1 Kd7 59. Nf3 Nc6 60. Qh4 Qf5
61. Re4 Kc7 62. Rg4 Rd6 63. Qg3 Kd7 64. Nh4 Qe5 65. Nxg6 Qxg3+ 66. Rxg3 Ke6 67.
Nf4+ Kf5 68. Rd3 Rh6 69. Ne2 Ne5 70. Rd4 Ra6 71. Ng3+ Ke6 72. h4 Ra3 73. h5 Kf6
74. Rf4+ Kg7 75. Nf5+ Kf6 76. Ne3+ Kg7 77. Nf5+ Kf6 78. Nd4+ Kg7 79. Ne6+ Kh6
80. Rf6+ Kh7 81. Rf4 Kh6 82. Nd4 Rd3 83. Nf3 Nxf3+ 84. Rxf3 Rxf3 1/2-1/2

[Event "TCh-FRA Top 12 2017"]
[Site "Chartres FRA"]
[Date "2017.05.27"]
[Round "10.3"]
[Board "5"]
[White "Brunner, Nicolas"]
[Black "Kveinys, Aloyzas"]
[Result "1/2-1/2"]
[WhiteTitle "IM"]
[BlackTitle "GM"]
[WhiteElo "2459"]
[BlackElo "2520"]
[WhiteTeam "VANDOEUVRE Echecs"]
[BlackTeam "Les Tours de Haute Picardie, SAINT QUENTIN"]
[WhiteFideId "620246"]
[BlackFideId "12800040"]
[EventDate "2017.05.18"]

1. d4 Nf6 2. c4 e6 3. Nf3 Bb4+ 4. Bd2 a5 5. g3 d6 6. Bg2 Nbd7 7. O-O e5 8. Qc2
O-O 9. e4 exd4 10. Nxd4 Bc5 11. Bc3 a4 12. Nd2 c6 13. Rfe1 Qb6 14. N2f3 Ne5 15.
Nxe5 dxe5 16. Nf3 Ng4 17. Re2 f6 18. h3 Nh6 19. Rd2 Be6 20. Bf1 Nf7 21. Rad1 Bb4
22. Kg2 Qa5 23. Bxb4 Qxb4 24. a3 Qa5 25. Be2 c5 26. Qc3 Qxc3 27. bxc3 Rfd8 28.
Rxd8+ Nxd8 29. Nd2 Nf7 30. Rb1 Rd8 31. Rb2 Kf8 32. h4 Nd6 33. Kf3 Bd7 34. Ke3
Bc6 35. Bd3 h6 36. Rb1 g5 37. f3 Kg7 38. h5 Kf8 39. g4 Be8 40. Nf1 Bf7 41. Nd2
Ke7 42. Ke2 Rb8 43. Kd1 Kd7 44. Kc1 Kc7 45. Be2 b6 46. Kc2 Rd8 47. Rb2 Be6 48.
Rb1 Kb7 49. Rb2 Ka7 1/2-1/2

[Event "TCh-FRA Top 12 2017"]
[Site "Chartres FRA"]
[Date "2017.05.27"]
[Round "10.3"]
[Board "7"]
[White "Iglesias, Joachim"]
[Black "Marcelin, Cyril"]
[Result "1/2-1/2"]
[BlackTitle "GM"]
[WhiteElo "2258"]
[BlackElo "2472"]
[WhiteTeam "VANDOEUVRE Echecs"]
[BlackTeam "Les Tours de Haute Picardie, SAINT QUENTIN"]
[WhiteFideId "637823"]
[BlackFideId "607274"]
[EventDate "2017.05.18"]

1. d4 Nf6 2. Nf3 g6 3. Nbd2 c5 4. dxc5 Qa5 5. e4 Bg7 6. Nd4 Qxc5 7. N2b3 Qe5 8.
Bd3 Nc6 9. f4 Qb8 10. e5 Nd5 11. Be4 Nb6 12. a4 Nxd4 13. Nxd4 d6 14. e6 fxe6 15.
Nf3 Nd7 16. c3 d5 17. Bc2 Qd6 18. O-O e5 19. fxe5 Nxe5 20. Nd4 Ng4 21. Bf4 e5
22. Bg3 Ne3 23. Nb5 Qe7 24. Qf3 Nxf1 25. Rxf1 Rf8 26. Qxd5 Rxf1+ 27. Kxf1 Qf7+
28. Qxf7+ Kxf7 29. Bf2 Bd7 30. Nd6+ Kf6 31. Nxb7 Rb8 32. Be4 Bf5 33. Bd5 Be6 34.
Be4 Bc8 35. Nd6 Ba6+ 36. Nb5 Bxb5+ 37. axb5 Rxb5 38. b4 Rb6 39. Bxb6 axb6 40.
Ke2 Ke6 1/2-1/2

[Event "TCh-FRA Top 12 2017"]
[Site "Chartres FRA"]
[Date "2017.05.27"]
[Round "10.4"]
[Board "3"]
[White "Bachmann, Axel"]
[Black "Milov, Vadim"]
[Result "1/2-1/2"]
[WhiteTitle "GM"]
[BlackTitle "GM"]
[WhiteElo "2646"]
[BlackElo "2604"]
[WhiteTeam "C.E. de BOIS COLOMBES"]
[BlackTeam "TREMBLAY EN FRANCE"]
[WhiteFideId "3700488"]
[BlackFideId "1304364"]
[EventDate "2017.05.18"]

1. d4 d5 2. Bf4 Nf6 3. e3 e6 4. Nf3 c5 5. Nbd2 Nc6 6. c3 Bd6 7. Bg3 Bxg3 8. hxg3
Qd6 9. Bb5 Bd7 10. a4 h6 11. Qe2 a6 12. Bxc6 Bxc6 13. Ne5 Nd7 14. f4 Nxe5 15.
fxe5 Qe7 16. Qg4 f5 17. Qh5+ Kd8 18. a5 c4 19. Kf2 1/2-1/2

[Event "TCh-FRA Top 12 2017"]
[Site "Chartres FRA"]
[Date "2017.05.27"]
[Round "10.5"]
[Board "2"]
[White "Flear, Glenn C"]
[Black "Van Foreest, Jorden"]
[Result "1/2-1/2"]
[WhiteTitle "GM"]
[BlackTitle "GM"]
[WhiteElo "2439"]
[BlackElo "2595"]
[WhiteTeam "Echecs Club MONTPELLIER"]
[BlackTeam "CLICHY Echecs 92"]
[WhiteFideId "400165"]
[BlackFideId "1039784"]
[EventDate "2017.05.18"]

1. d4 d5 2. c4 c6 3. Nc3 Nf6 4. e3 Bf5 5. Nf3 e6 6. Nh4 Be4 7. f3 Bg6 8. Qb3 Qc7
9. Kf2 Be7 10. Nxg6 hxg6 11. g3 a6 12. Bd2 dxc4 13. Bxc4 b5 14. Be2 Nbd7 15.
Rac1 Qa7 16. Kg2 c5 17. dxc5 Bxc5 18. Rc2 O-O 19. Rhc1 Rfd8 20. Nd1 Bb6 21. Qa3
e5 22. Ba5 Bxa5 23. Qxa5 Nd5 24. e4 Ne3+ 25. Nxe3 Qxe3 26. Qc3 Qxc3 27. Rxc3 Nf8
28. Kf2 Ne6 29. Ke3 g5 30. Bd1 Nd4 31. Bb3 Nxb3 32. Rxb3 Rd6 33. Rd3 Rad8 34.
Rxd6 Rxd6 35. Rc5 f6 1/2-1/2